• 首页
  • 本馆介绍
  • 公告通知
  • 最新文献
  • 馆藏检索
  • 电子资源
  • 读者导购
  • 参考咨询
  • 我的图书馆
  • 登录
  • 详细信息显示
  • 放入我的书架
  • 预约/预借图书
  • 作者相关作品
  • 分类相关作品
  • 丛书相关作品
  • 出版社相关作品

书目信息

  • 表格格式
  • 工作单格式
  • 卡片格式
题名:
苹果酒酿造技术
    
 
作者: Cari Lachat莱金特马兆瑞
分册:  
出版信息: 北京   中国轻工业出版社  2004
页数: 321
开本: 26cm
丛书名:
单 册:
中图分类: TS262.7
科图分类:
主题词: 酿造--食品工业
电子资源:
ISBN: 7-5019-4268-4
000 00606nam0 2200181 450
001 0741144344
005 20070817112544.34
010    @a7-5019-4268-4@d¥43.00
100    @a20070817d km y0chiy0120 ea
101 0  @achi
200 1  @a苹果酒酿造技术@Aping guo jiu niang zao ji shu@f(比)Cari Lachat莱金特马兆瑞@F(bi)Cari Lachat lai jin te ma zhao rui
210    @a北京@c中国轻工业出版社@d2004
215    @a321@c彩图@d26cm
606 0  @a酿造@x食品工业
690    @aTS262.7@v3
701  0 @aCari Lachat莱金特马兆瑞@ACari Lachat lai jin te ma zhao rui
801  0 @aCN@bPFT@c20070817
905    @a213230@dTS262.7@en1@f1
    
    苹果酒酿造技术/(比)Cari Lachat莱金特马兆瑞.-北京:中国轻工业出版社,2004
    321:彩图;26cm
    
    
    ISBN 7-5019-4268-4:¥43.00
    
●
相关链接 在E读中查询图书 在五车中查询图书 在当当中查询图书 在豆瓣中查询图书


正题名:苹果酒酿造技术     索取号:TS262.7/n1         预约/预借

序号 登录号 条形码 馆藏地/架位号 状态 备注
1 6601342   266013422   生命科学系资料室/ [索取号:TS262.7/n1] 在馆    
唐山师范学院图书馆 欢迎您!
大连网信软件有限公司© 版权所有